| 000 | 02148nam a2200517 i 4500 | ||
|---|---|---|---|
| 003 | EG-ScBUE | ||
| 005 | 20230625123109.0 | ||
| 008 | 160421t2016 ctua f b f001 0 eng d | ||
| 020 | _z9780300215632 | ||
| 040 |
_aNhCcYBP _beng _erda _cNhCcYBP _dEG-ScBUE |
||
| 082 | 0 | 4 |
_222 _a909.0974927082 _bFRA |
| 100 | 1 |
_aFraihat, Ibrahim, _eauthor. _940477 |
|
| 245 | 1 | 0 |
_aUnfinished revolutions : _bYemen, Libya, and Tunisia after the Arab Spring / _cIbrahim Fraihat. |
| 246 | 3 | 0 | _aYemen, Libya, and Tunisia after the Arab Spring |
| 264 | 1 |
_aNew Haven ; _aLondon : _bYale University Press, _c[2016] |
|
| 264 | 1 | _cc2016 | |
| 300 |
_axvi, 287 pages : _billustrations ; _c24 cm |
||
| 336 |
_2rdacontent _atext _btxt |
||
| 337 |
_2rdamedia _aunmediated _bn |
||
| 338 |
_2rdacarrier _avolume _bnc |
||
| 504 | _aIncludes bibliographical references and index. | ||
| 650 | 7 |
_aArab Spring, 2010- _2BUEsh _938992 |
|
| 650 | 7 |
_aRevolutions _zArab countries. _2BUEsh _940478 |
|
| 650 | 7 |
_aRevolutions _zYemen (Republic) _2BUEsh |
|
| 650 | 7 |
_aRevolutions _zLibya. _2BUEsh |
|
| 650 | 7 |
_aRevolutions _zTunisia. _2BUEsh |
|
| 650 | 7 |
_aReconciliation _xPolitical aspects _zArab countries. _2BUEsh |
|
| 650 | 7 |
_aReconciliation _xPolitical aspects _zYemen (Republic) _2BUEsh |
|
| 650 | 7 |
_aReconciliation _xPolitical aspects _zLibya. _2BUEsh |
|
| 650 | 7 |
_aReconciliation _xPolitical aspects _zTunisia. _2BUEsh |
|
| 650 | 7 |
_aDemocratization _zYemen (Republic) _2BUEsh |
|
| 650 | 7 |
_aDemocratization _zLibya. _2BUEsh |
|
| 650 | 7 |
_aDemocratization _zTunisia. _2BUEsh |
|
| 650 | 7 |
_aPeace-building _zArab countries. _2BUEsh |
|
| 650 | 7 |
_aPeace-building _zYemen (Republic) _2BUEsh |
|
| 650 | 7 |
_aPeace-building _zLibya. _2BUEsh |
|
| 650 | 7 |
_aPeace-building _zTunisia. _2BUEsh |
|
| 650 | 7 |
_911822 _aDemocratization _zArab countries _2BUEsh |
|
| 651 | 7 |
_aYemen (Republic) _xPolitics and government _y21st century. _2BUEsh _932285 |
|
| 651 | 7 |
_aLibya _xPolitics and government _y21st century. _2BUEsh _929815 |
|
| 651 | 7 |
_aTunisia _xPolitics and government _y21st century. _2BUEsh |
|
| 653 |
_bLLAAWW _cJuly2016 |
||
| 655 | _vReading book | ||
| 942 |
_2ddc _cBB |
||
| 999 |
_c22044 _d22016 |
||